The ideal foundations of economic thought : three essays on the philiosophy of economics (Record no. 433058)

000 -LEADER
fixed length control field 00477cam a22001457a 4500
008 - FIXED-LENGTH DATA ELEMENTS--GENERAL INFORMATION
fixed length control field 180718b1943 xxu||||| |||| 00| 0 eng d
082 ## - DEWEY DECIMAL CLASSIFICATION NUMBER
Classification number T1 St28i
100 ## - MAIN ENTRY--PERSONAL NAME
Personal name Stark, W.
245 ## - TITLE STATEMENT
Title The ideal foundations of economic thought : three essays on the philiosophy of economics
Statement of responsibility, etc. by W. Stark
260 ## - PUBLICATION, DISTRIBUTION, ETC.
Place of publication, distribution, etc. London
Name of publisher, distributor, etc. Routldege and Kegan
Date of publication, distribution, etc. 1943
300 ## - PHYSICAL DESCRIPTION
Extent 219p.
650 ## - SUBJECT ADDED ENTRY--TOPICAL TERM
Topical term or geographic name entry element Economics. Sociology
650 ## - SUBJECT ADDED ENTRY--TOPICAL TERM
Topical term or geographic name entry element Thompson, William, 1785?-1833
650 ## - SUBJECT ADDED ENTRY--TOPICAL TERM
Topical term or geographic name entry element Hodgskin, Thomas, 1787-1869
Holdings
Withdrawn status Lost status Damaged status Not for loan Permanent Location Current Location Date acquired Full call number Barcode Date last seen Price effective from Koha item type
        Indian Institute of Public Administration Indian Institute of Public Administration 2010-02-05 T1 St28i 13275 2018-07-21 2018-07-21 Book

Powered by Koha